000 00302nam a22001337a 4500
008 170602b xxu||||| |||| 00| 0 eng d
020 _a9781891482496
041 _aeng
080 _a94(7/8)
100 _a18
101 _aSHH
245 _aTHE VALUE OF A DOLLAR 1860-1999
_cDERKS,S
942 _2udc
_cBK
999 _c15822
_d15822